00647nam a2200193 a 4500008004100000020002200041100002000063245010700083260005700190300003400247500004100281500002000322650003400342650002900376700002100405003000100426005001700427040000900444  a0520057694 (pbk.)1 aAdam, Heribert. aSouth africa without apartheid :bdismantling racial domination /cHeribert Adam [and] Kogila Moodley. aLondon :bUniversity of California Press Ltd,c1986. axviii, 315p. :bill. ;c21cm. alncludes bibliographical references. alncludes index. aSouth Africaxrace relations. 1aSouth Africazapartheid. aMoodley, Kogila.20230123125506.0 cNUST